000 00405nam a22001817a 4500
003 OSt
008 250426b |||||||| |||| 00| 0 eng d
020 _a9788125601128
082 _a615.321 ANP
100 _aAnasari, S.H
245 _aPharmacognosy
250 _a1st
260 _aDelhi
_bTara Pub
300 _aviii,296
650 _aPharmacognosy
700 _aSamal, Monalisha
942 _2ddc
_cBK
999 _c13460
_d13460